Ciencias naturales : (Record no. 7862)

MARC details
000 -CABECERA
campo de control de longitud fija 00721nam a2200193 a 4500
005 - FECHA Y HORA DE LA ÚLTIMA TRANSACCIÓN
campo de control 20230525063539.0
008 - ELEMENTOS DE LONGITUD FIJA--INFORMACIÓN GENERAL
campo de control de longitud fija 991125s1973 mx 000 0 spa u
035 ## - NÚMERO DE CONTROL DEL SISTEMA
Número de control de sistema UPN01000007862
049 ## - COLECCIÓN
Colección LTG
050 #4 - SIGNATURA TOPOGRÁFICA DE LA BIBLIOTECA DEL CONGRESO
Número de clasificación LB1585
Número de documento/Ítem M6.1 1973
245 00 - MENCIÓN DE TÍTULO
Título Ciencias naturales :
Resto del título primer grado /
Mención de responsabilidad, etc. Lázaro Blanco ... [et al.].
260 ## - PUBLICACIÓN, DISTRIBUCIÓN, ETC.
Lugar de publicación, distribución, etc. México :
Nombre del editor, distribuidor, etc. SEP, Comisión Nacional de los Libros de Texto Gratuitos,
Fecha de publicación, distribución, etc. 1973.
300 ## - DESCRIPCIÓN FÍSICA
Extensión 93 p. :
Otras características físicas il. col.
501 ## - NOTA DE "CON"
Nota de “Con” Con: Ciencias naturales : primer grado : auxiliar didáctico / Lázaro Blanco ... [et al.]
500 ## - NOTA GENERAL
Nota general Libro de texto gratuito
650 #4 - ASIENTO SECUNDARIO DE MATERIA - TERMINO TEMATICO
Término de materia o nombre geográfico como elemento de entrada Ciencias naturales
Subdivisión general Estudio y enseñanza (Elemental)
9 (RLIN) 2812
700 1# - ASIENTO SECUNDARIO--NOMBRE DE PERSONAL
Nombre de persona Blanco, Lázaro,
Término indicativo de función/relación coaut.
9 (RLIN) 31632
905 ## - TIPO DE MATERIAL
Tipo de material Libro
Holdings
Estado de retiro Estado de pérdida Fuente del sistema de clasificación o colocación Estado dañado No para préstamo Código de colección Localización permanente Ubicación/localización actual Ubicación en estantería Fecha de adquisición Total de préstamos Clasificación Código de barras Fecha visto por última vez Número de copia Tipo de ítem Koha
    Library of Congress Classification   Disponible (Préstamo en sala) Libros de texto gratuitos Bib. Gregorio Torres Quintero Bib. Gregorio Torres Quintero Colecciones especiales Planta alta 03/05/2023 1 LB1585 M6.1 1973 9112 31/12/2020 1 Libro
    Library of Congress Classification   Disponible (Préstamo en sala) Libros de texto gratuitos Bib. Gregorio Torres Quintero Bib. Gregorio Torres Quintero Colecciones especiales Planta alta 03/05/2023   LB1585 M6.1 1973 9113 31/12/2020 1 Libro